Faculty of Law Library — Cairo University

Official Online Catalog

La Réglementation De L'expertise en Matière Pénale (Suivie D'un Formulaire) / (Record no. 69965)

MARC details
000 -LEADER
fixed length control field 01326nam a2200361 i 4500
003 - CONTROL NUMBER IDENTIFIER
control field EG-GICUC
005 - DATE AND TIME OF LATEST TRANSACTION
control field 20260410205456.0
008 - FIXED-LENGTH DATA ELEMENTS--GENERAL INFORMATION
fixed length control field 260410s1960 fr |||fr|||| 000 0 fre d
040 ## - CATALOGING SOURCE
Original cataloging agency EG-GiCUC
Language of cataloging fre
Transcribing agency EG-GiCUC
Modifying agency EG-GiCUC
Description conventions Rda
082 04 - DEWEY DECIMAL CLASSIFICATION NUMBER
Edition number 21
Classification number 343.394
Item number DO . R
092 04 - LOCALLY ASSIGNED DEWEY CALL NUMBER (OCLC)
Edition number 21
099 ## - LOCAL FREE-TEXT CALL NUMBER (OCLC)
Classification number Law 10 343.394 DO . R 1960
100 1# - MAIN ENTRY--PERSONAL NAME
Personal name Doll, Paul-julien
Relator term Auteur
245 13 - TITLE STATEMENT
Title La Réglementation De L'expertise en Matière Pénale (Suivie D'un Formulaire) /
Statement of responsibility, etc. Paul-julien Doll, Henri Guérin, Gérard Amédée-manesme, Préface De Charles Gerthoffer.
264 #1 - PRODUCTION, PUBLICATION, DISTRIBUTION, MANUFACTURE, AND COPYRIGHT NOTICE
Place of production, publication, distribution, manufacture Paris :
Name of producer, publisher, distributor, manufacturer Librairie Generale De Droit Et De Jurisprudence,
Date of production, publication, distribution, manufacture, or copyright notice 1960.
264 #3 - PRODUCTION, PUBLICATION, DISTRIBUTION, MANUFACTURE, AND COPYRIGHT NOTICE
Place of production, publication, distribution, manufacture France :
Name of producer, publisher, distributor, manufacturer Imprimerie R. Cavillon
300 ## - PHYSICAL DESCRIPTION
Extent 203 page;
Dimensions 24 cm.
Other physical details illustration ;
336 ## - CONTENT TYPE
Source rda contenu
Content type term texte
337 ## - MEDIA TYPE
Source rda medias
Media type term Ordinateur
338 ## - CARRIER TYPE
Source transporteur rda
Carrier type term Ressource en ligne
500 ## - GENERAL NOTE
General note Index
504 ## - BIBLIOGRAPHY, ETC. NOTE
Bibliography, etc. note Bibliography: pages 200-250. 240-220
546 ## - LANGUAGE NOTE
Language note Texte en français
650 1# - SUBJECT ADDED ENTRY--TOPICAL TERM
Topical term or geographic name entry element Expérience
Source of heading or term qrmak
650 1# - SUBJECT ADDED ENTRY--TOPICAL TERM
Topical term or geographic name entry element Droit De Pénal
Source of heading or term qrmak
651 1# - SUBJECT ADDED ENTRY--GEOGRAPHIC NAME
Source of heading or term qrmak
700 ## - ADDED ENTRY--PERSONAL NAME
Personal name Guérin, Henri
Relator term Co-Auteur
700 ## - ADDED ENTRY--PERSONAL NAME
Personal name Gerthoffer, Charles
Relator term Préfacier
700 ## - ADDED ENTRY--PERSONAL NAME
Personal name Manesme, Gérard Amédée
Relator term Co-Auteur
856 40 - ELECTRONIC LOCATION AND ACCESS
Uniform Resource Identifier <a href="https://fll.law.cu.edu.eg/fulltext/bks/B10-08604.pdf">https://fll.law.cu.edu.eg/fulltext/bks/B10-08604.pdf</a>
905 ## - Cataloger and Reviser Names
Cataloger Name: Yasmin Sayed
942 ## - ADDED ENTRY ELEMENTS (KOHA)
Source of classification or shelving scheme Dewey Decimal Classification
Koha item type Books
Edition 21
Suppress in OPAC No
Holdings
Withdrawn status Lost status Source of classification or shelving scheme Damaged status Not for loan Collection Home library Current library Date acquired Total checkouts Full call number Barcode Date last seen Copy number Price effective from Koha item type
    Dewey Decimal Classification   Not for loan القانون الجنائي جــــامعة القــاهرة مكتبة كلية الحقوق - المبنى الرئيسي 10.04.2026   Law 10 343.394 DO . R 1960 1008604 C1 B10-08604 10.04.2026 1 10.04.2026 Books

© All rights reserved — Faculty of Law, Cairo University